| 000 | 01540nam a2200289 a 4500 | ||
|---|---|---|---|
| 001 | ebr10611768 | ||
| 003 | CaPaEBR | ||
| 006 | m u | ||
| 007 | cr cn||||||||| | ||
| 008 | 121016s2012 ne a sb 001 0 eng d | ||
| 020 | _z9789062992331 | ||
| 020 | _z9789062998586 (e-book) | ||
| 040 |
_aCaPaEBR _cCaPaEBR |
||
| 035 | _a(OCoLC)823655040 | ||
| 050 | 1 | 4 |
_aRE938.5 _b.S33 2012eb |
| 100 | 1 |
_aSchachar, Ronald A., _d1941- |
|
| 245 | 1 | 4 |
_aThe mechanism of accommodation and presbyopia _h[electronic resource] / _cby Ronald A. Schachar. |
| 260 |
_aAmsterdam : _bKugler Publications, _c2012. |
||
| 300 |
_axii, 265 p. : _bill. |
||
| 504 | _aIncludes bibliographical references and index. | ||
| 505 | 0 | _a1. History of Accomodation and the Steep Profile -- 2. Mechanism of Accomodation -- 3. Aspect Ratio of Vertebrate Lenses Predicts Accommodative Amplitude -- 4. Anatomy and Physiology -- 5. Experimental Evidence -- 6. Mathematical Modeling of Accommodation -- 7. Presbyopia and Age-related Ocular Hypertension -- 8. Importance of Controlled Studies -- 9. The Steep Profile: A Fundamental Structure in the Universe -- 10. Summary. | |
| 533 |
_aElectronic reproduction. _bPalo Alto, Calif. : _cebrary, _d2011. _nAvailable via World Wide Web. _nAccess may be limited to ebrary affiliated libraries. |
||
| 650 | 0 | _aPresbyopia. | |
| 655 | 7 |
_aElectronic books. _2local |
|
| 710 | 2 | _aebrary, Inc. | |
| 856 | 4 | 0 |
_uhttp://site.ebrary.com/lib/rucke/Doc?id=10611768 _zAn electronic book accessible through the World Wide Web; click to view |
| 999 |
_c103342 _d103342 |
||